00434 a2200157 45000010006000000050017000060080041000230030015000640400040000790800032001192450046001512640033001973000017002300410008002471000021002554735520260407155741.0260407a1985 arg spa dAR-UNSa-BCEJYS aAR-UNSa-BCEJYSbspacAR-UNSa-BCEJYS a94:33xHistoria económica10aHistoria económica mundial del siglo XX 1aBarcelona :bCríticac1985 a6 v.c20 cm. aspa1 aFischer, Wolfram